| 000 | 01345nam a22003015a 4500 | ||
|---|---|---|---|
| 003 | EG-ScBUE | ||
| 005 | 20211212092704.0 | ||
| 008 | 180218s1969 le f b 001 0 ara d | ||
| 040 |
_aEG-ScBUE _bara _erda _cEG-ScBUE _dEG-ScBUE |
||
| 082 | 0 | 4 |
_a892.78 _bص ف د _222 |
| 100 | 1 |
_aصفدي، خليل بن أيبك، _dحو 1297-1363. _eمؤلف. |
|
| 245 | 1 | 0 |
_aتمام المتون في شرح رسالة ابن زيدون / _cلخليل بن أيبك الصفدي ؛ تحقيق محمد أبو الفضل إبراهيم. |
| 264 | 1 |
_aبيروت ؛ _aصيدا : _bمنشورات المكتبة العصرية، _c[1969] |
|
| 300 |
_a501 صفحة ؛ _c24 سم |
||
| 336 |
_2rdacontent _aنص _btxt |
||
| 337 |
_2rdamedia _aبدون وسيط _bn |
||
| 338 |
_2rdacarrier _aمجلد _bnc |
||
| 500 | _aيشتمل على كشافات. | ||
| 504 | _aيشتمل على إرجاعات ببليوجرافية. | ||
| 650 | 7 |
_aالرسائل العربية _zالأندلس _xتاريخ ونقد. _2BUEsh |
|
| 651 | _2BUEsh | ||
| 653 |
_bGGEN _cFebruary2018 |
||
| 655 |
_vReading book _934232 |
||
| 700 | 1 |
_aإبراهيم، محمد أبو الفضل، _eمحقق. |
|
| 700 | 1 | 2 |
_aابن زيدون، أحمد بن عبد الله، _d1071 - 1003 أو 1004. _tرسالة ابن زيدون. |
| 740 | 0 | 2 | _aرسالة ابن زيدون. |
| 942 | _2ddc | ||
| 999 |
_c26144 _d26116 |
||